000 00220 a2200097 4500
001 13353
100 _aCampbell, R.W
245 _aSoivet economic power
260 _aCambridge
_bHoughton mifflin
_c
090 _c10369
_d10369
942 _aNUST-CAE
_cM
_c413
999 _c248426
_d248426